Movies That Lost a Word Quiz Stats

 Plays Quiz Updated Nov 8, 2017

Challenge
Share
Tweet
Embed
Score 0/40 Timer 05:00
3 Plays Today
% Correct
Runner
91.8%
Harry
91.1%
Nights
89.2%
Sixteen
88.1%
Knocked
86.3%
Rain
86.3%
Grit
86.3%
Mean
86.1%
Apocalypse
85.8%
Hot
84%
Resident
83.9%
Window
83%
Cape
81.8%
Analyze
80.7%
Hustle
80.2%
Out
79.7%
Blind
77.3%
Mississippi
75.6%
Ed
73.5%
Schmidt
72.3%
% Correct
Pillow
71.1%
Coming
71%
Garden
69.7%
Crackers
69.4%
Velvet
68.8%
Falling
67%
Voyage
66.1%
Altered
65.8%
Circuit
65.6%
Doc
65.1%
Shop
64.9%
Miss
64.8%
Born
64.8%
Bottle
64.1%
October
64.1%
Slap
61.9%
Heights
61.3%
Miller's
60.9%
Drugstore
57.3%
Cry
55.9%

You're not logged in!

Compare scores with friends on all Sporcle quizzes.
Join for Free
OR
Log In

You Might Also Like...

Show Comments

Extras

Top Quizzes Today


Score Distribution

Your Account Isn't Verified!

In order to create a playlist on Sporcle, you need to verify the email address you used during registration. Go to your Sporcle Settings to finish the process.

Report this User

Report this user for behavior that violates our Community Guidelines.

Details: